Language Quiz

Random Language or Letter Quiz

Mixed Word: Sporcle Letter Hints Quiz Stats

 Plays Quiz not verified by Sporcle

Score 0/7 Timer 03:00
0 Plays Today
Sporcle Letter Unscrambled Word % Correct
S _ _ _ _ _ _Samurai
75%
_ _ _ _ _ _ EbagpipE
63.6%
_ _ O _ _ _ _toOlbox
62.1%
_ _ _ _ _ L _thimbLe
60.7%
_ P _ _ _ _ _aPricot
58.3%
_ _ _ R _ _ _spaRkle
56.7%
_ _ _ _ C _ _grouChy
45.3%

You're not logged in!

Compare scores with friends on all Sporcle quizzes.
OR
Log In

You Might Also Like...

Show Comments

Extras

Top Quizzes Today


Score Distribution

Your Account Isn't Verified!

In order to create a playlist on Sporcle, you need to verify the email address you used during registration. Go to your Sporcle Settings to finish the process.

Report this User

Report this user for behavior that violates our Community Guidelines.

Details: